000 00272nam a2200109Ia 4500
005 20251222141757.0
008 251222s9999||||xx |||||||||||||| ||spa||
082 _a869.55/N55
100 _a"Nieves y Bustamante, MarĂ­a"
245 0 _a"Jorge, el hijo del pueblo"
942 _cLIB
999 _c6037
_d6037